| 000 | 00791nam a2200241 i 4500 | ||
|---|---|---|---|
| 001 | 188895 | ||
| 003 | SpMaBN | ||
| 005 | 20250811063208.0 | ||
| 008 | 190221s2007 sp aco |||| | spa d | ||
| 020 | _a978-84-96501-25-6 | ||
| 080 | _a929-054.72(=1.460:7/8)"18/19" | ||
| 100 | 1 |
_aMelero, Luis, _d1941- _9166426 |
|
| 245 | 1 | 0 |
_aIndianos _b: una forma de heroísmo / _ctextos a cargo de Luis Melero. |
| 250 | _a1ª ed. | ||
| 260 |
_aBarcelona : _bEl Cobre, _c2007. |
||
| 300 |
_a311 p. : _bil. col., fot. ; _c23 x 13 cm. |
||
| 504 | _aBibliografía: p. 308. | ||
| 596 | _aEn port.: Endesa. | ||
| 650 | 7 |
_aEspañoles- _zAmérica Latina. _9163615 |
|
| 852 |
_aES-MaACL _jA-14388 _9196029 _bR.151762 _cDEPO1 _dOlim: N-7388 |
||
| 942 |
_2udc _cMONOGRAFIA |
||
| 999 |
_c188895 _d188895 |
||